|
|
|
|
| LEADER |
00000nam0a2200000 4500 |
| 001 |
356020 |
| 005 |
20231102010843.0 |
| 035 |
|
|
|a (RuTPU)RU\TPU\retro\13280
|
| 090 |
|
|
|a 356020
|
| 100 |
|
|
|a 20200714d1902 km y0rusy50 ca
|
| 101 |
0 |
|
|a rus
|
| 102 |
|
|
|a RU
|
| 105 |
|
|
|a ac z 011zy
|
| 200 |
1 |
|
|a Исторический обзор деятельности Комитета Министров
|h Т. 3
|h Ч. 1 : Комитет Министров в царствование Императора Александра Второго (1855 г. Февраля 19-1881 г. Март1)
|f сост. С. М. Середонин
|
| 205 |
|
|
|a Издание Канцелярии Комитета Министров
|
| 210 |
|
|
|a Санкт-Петербург
|c Государственная Типография
|d 1902
|
| 215 |
|
|
|a 358 с.
|c портр.
|
| 300 |
|
|
|a Текст в русской дореформенной орфографии
|
| 300 |
|
|
|a К столетию Комитета Министров (1802-1902)
|
| 320 |
|
|
|a Библиография в ссылках
|
| 606 |
1 |
|
|a Государственная власть и управление в России
|x История
|z кон. 17 в.-1917
|2 stltpush
|3 (RuTPU)RU\TPU\subj\65162
|9 81781
|
| 606 |
1 |
|
|a Государство и право России
|x История
|2 stltpush
|3 (RuTPU)RU\TPU\subj\8397
|9 35812
|
| 610 |
1 |
|
|a государственное управление
|
| 610 |
1 |
|
|a государственное устройство
|
| 610 |
1 |
|
|a органы власти
|
| 610 |
1 |
|
|a Российская империя
|
| 610 |
1 |
|
|a министры
|
| 610 |
1 |
|
|a Комитет Министров
|
| 610 |
1 |
|
|a губернии
|
| 610 |
1 |
|
|a губернское управление
|
| 610 |
1 |
|
|a генерал-губернаторы
|
| 610 |
1 |
|
|a здравоохранение
|
| 610 |
1 |
|
|a продовольственная проблема
|
| 610 |
1 |
|
|a переселенческое движение
|
| 610 |
1 |
|
|a сословия
|
| 610 |
1 |
|
|a дворянство
|
| 610 |
1 |
|
|a города
|
| 610 |
1 |
|
|a крестьяне
|
| 686 |
|
|
|a Т3(2)5-3
|v LBC/SL-A
|2 rubbk
|
| 686 |
|
|
|a Х2(2)
|v LBC/SL-A
|2 rubbk
|
| 702 |
|
1 |
|a Середонин
|b С. М.
|4 220
|
| 801 |
|
1 |
|a RU
|b 63413507
|c 20200714
|
| 801 |
|
2 |
|a RU
|b 63413507
|c 20200924
|g RCR
|
| 942 |
|
|
|c BK
|